Desarrollo de programas de Postgrados en la FEC - UNI mediante el comercio electrónico
Presenta información y análisis de estudio de factibilidad el cual definirá las pautas para la implementación de una página Web basada en comercio electrónico, para el departamento de maestría y Postgrado de la Universidad Nacional de Ingeniería con la cual se pretende mostrar, ofrecer u ofe...
| Main Author: | |
|---|---|
| Other Authors: | |
| Format: | Tesis Section = Libro |
| Language: | Undetermined Spanish |
| Published: |
Managua
UNI
2011
|
| Subjects: |
| LEADER | 01255nam a2200253Ia 4500 | ||
|---|---|---|---|
| 008 | 240830s9999 xx 000 0 und d | ||
| 040 | |a BIBLIOTECA-RUSB/ T.Mon 658.84 L864 | ||
| 041 | |a spa | ||
| 082 | |a T.Mon 658.84 L864 | ||
| 100 | 1 | |a López Medina, Marlon José | |
| 245 | 1 | 0 | |a Desarrollo de programas de Postgrados en la FEC - UNI mediante el comercio electrónico |
| 260 | |a Managua |b UNI |c 2011 | ||
| 300 | |a 29 p. :il. | ||
| 500 | |a Contiene: anexos. | ||
| 502 | |a Tesis (Ingeniero Eléctrico) - UNI, 2011. | ||
| 520 | 3 | |a Presenta información y análisis de estudio de factibilidad el cual definirá las pautas para la implementación de una página Web basada en comercio electrónico, para el departamento de maestría y Postgrado de la Universidad Nacional de Ingeniería con la cual se pretende mostrar, ofrecer u ofertar los diferentes cursos para el desarrollo de maestrías y postgrados que comercializa la universidad. | |
| 650 | 7 | |a MERCADEO - CORREO ELECTRÓNICO - INTERNET | |
| 650 | 7 | |b CANALES DE DISTRIBUCIÓN - CORREO ELECTRONICO | |
| 650 | 7 | |c COMERCIO ELECTRÓNICO | |
| 650 | 7 | |d ESTRATEGIAS DE NEGOCIO | |
| 700 | 1 | |a Tutor: |b Dalla-Torre Parrales, Cedrick Elksnher | |
| 942 | |c BK |2 ddc | ||
| 991 | |a TESIS | ||
| 999 | |c 21926 | ||